000 00588nam a2200205Ia 4500
005 20250923144551.0
008 008 250917s9999 xx 000 0 eng d
037 _aTextual
040 _aDSWL
_beng
_cDSWL
041 _aeng
_2eng
084 _aQ6v2:NA, J4
_qDSWL
100 _aThomas, P.
_9826171
245 0 _aChristians and christianity in India and Pakistan
_cby P Thomas.
260 _aLondon
_b George Allen & Unwin Ltd.
_c1954
300 _a260p.
365 _aINR
_b18
925 _g18
942 _cTEXL
_hQ6v2:NA, J4
999 _c1440594
_d1440594